Central Library OPAC University of Rajshahi

Blessington-D'Orsay : (Record no. 24655)

MARC details
000 -LEADER
fixed length control field 01110cam a22003011a 4500
001 - CONTROL NUMBER
control field 24655
003 - CONTROL NUMBER IDENTIFIER
rucl marc code BD-RjUL
005 - DATE AND TIME OF LATEST TRANSACTION
control field 20211209001059.0
008 - FIXED-LENGTH DATA ELEMENTS--GENERAL INFORMATION
fixed length control field 140315s1933 enkacfi b 001 0 eng
035 ## - SYSTEM CONTROL NUMBER
System control number (BD-RjUL)24724
System control number (OCoLC)386082
040 ## - CATALOGING SOURCE
Original cataloging agency DLC
Transcribing agency OAU
Modifying agency TxU-Hu
-- DLC
-- BD-RjUL
Language of cataloging eng
041 ## - LANGUAGE CODE
Language code of text/sound track or separate title eng
082 ## - DEWEY DECIMAL CLASSIFICATION NUMBER
Classification number 928.2
Author mark and year SAB 1933
100 1# - MAIN ENTRY--PERSONAL NAME
Personal name Sadleir, Michael,
Dates associated with a name 1888-1957.
9 (RLIN) 57371
245 10 - TITLE STATEMENT
Title Blessington-D'Orsay :
Remainder of title a masquerade /
Statement of responsibility, etc. by Michael Sadleir.
260 ## - PUBLICATION, DISTRIBUTION, ETC. (IMPRINT)
Place of publication, distribution, etc. London :
Name of publisher, distributor, etc. Constable & Co.,
Date of publication, distribution, etc. 1933.
300 ## - PHYSICAL DESCRIPTION
Pagination viii, 411 p., [18] leaves of plates :
Illustrations ill., coats of arms, geneal. tables, ports. ;
Size 23 cm.
500 ## - GENERAL NOTE
General note American ed. has title: The strange life of Lady Blessington.
General note "First published ... 1933"--Verso of t.p.
General note Illustrated lining-papers.
504 ## - BIBLIOGRAPHY, ETC. NOTE
Bibliography, etc Includes bibliographical references and index.
600 10 - SUBJECT ADDED ENTRY--PERSONAL NAME
Personal name Blessington, Marguerite,
Titles and other words associated with a name Countess of,
Dates associated with a name 1789-1849.
Personal name Orsay, Alfred Guillaume Gabriel,
Titles and other words associated with a name comte d',
Dates associated with a name 1801-1852.
942 ## - ADDED ENTRY ELEMENTS (KOHA)
Source of classification or shelving scheme Dewey Decimal Classification
Koha item type Books
Holdings
Lost status Source of classification or shelving scheme Damaged status Not for loan Collection code Permanent Location Current Location Shelving location Date acquired Source of acquisition Total Checkouts Full call number Date last seen Copy number Koha item type
  Dewey Decimal Classification   Added to bundle Fiction Central Library, University of Rajshahi Central Library, University of Rajshahi Reading Room 24/02/1985 Asia foundation   928.2 SAB 1933 15/03/2014 C-1 Books